Sankalp Se Sidhhi: attainment through resolve: 1942 and 2017: an analogy (Record no. 115962)

000 -LEADER
fixed length control field 00395pab a2200145 454500
008 - FIXED-LENGTH DATA ELEMENTS--GENERAL INFORMATION
fixed length control field 180718b2017 xxu||||| |||| 00| 0 eng d
100 ## - MAIN ENTRY--PERSONAL NAME
Personal name Singh, Manikant
245 ## - TITLE STATEMENT
Title Sankalp Se Sidhhi: attainment through resolve: 1942 and 2017: an analogy
260 ## - PUBLICATION, DISTRIBUTION, ETC.
Date of publication, distribution, etc. 2017
300 ## - PHYSICAL DESCRIPTION
Extent p.50-52.
362 ## - DATES OF PUBLICATION AND/OR SEQUENTIAL DESIGNATION
Dates of publication and/or sequential designation Sep
650 ## - SUBJECT ADDED ENTRY--TOPICAL TERM
Topical term or geographic name entry element Economic and social development
773 ## - HOST ITEM ENTRY
Main entry heading Kurukshetra
909 ## -
-- 115968
Holdings
Withdrawn status Lost status Damaged status Not for loan Permanent Location Current Location Date acquired Serial Enumeration / chronology Barcode Date last seen Price effective from Koha item type
        Indian Institute of Public Administration Indian Institute of Public Administration 2018-07-19 Volume no: 65, Issue no: 11 AR116428 2018-07-19 2018-07-19 Articles

Powered by Koha